Využitie metód regresnej analýzy, ako spôsobu odhadu funkcie dopytu

Regresná analýza patrí medzi najpoužívanejšie štatistické metódy odhadu funkcie dopytu. Pomocou tejto metódy, ktorá vychádza z historických údajov o spotrebe a cene, je možné zistiť zmeny v dopyte, na základe skúmania a poznania kauzálnych vzťahov. Lineárne a nelineárne regresné modely.

Na minha lista:
Detalhes bibliográficos
Autor principal: Vrtíková, Kristína
Formato: Capítulo de Livro
Idioma:eslovaco
Assuntos:
Tags: Adicionar Tag
Sem tags, seja o primeiro a adicionar uma tag!

MARC

LEADER 00000nla a2200000 4500
001 0226619
005 20240502073730.4
041 0 |a slo 
044 |a SK 
245 1 0 |a Využitie metód regresnej analýzy, ako spôsobu odhadu funkcie dopytu  |c Kristína Vrtíková 
520 |a Regresná analýza patrí medzi najpoužívanejšie štatistické metódy odhadu funkcie dopytu. Pomocou tejto metódy, ktorá vychádza z historických údajov o spotrebe a cene, je možné zistiť zmeny v dopyte, na základe skúmania a poznania kauzálnych vzťahov. Lineárne a nelineárne regresné modely. 
610 2 0 |a dopyt spotrebiteľský 
610 2 0 |a odhady 
610 2 0 |a metódy matematicko-štatistické 
610 2 0 |a ekonometria 
610 2 0 |a analýza regresná 
610 2 0 |a modely regresné 
610 2 0 |a modely lineárne 
610 2 0 |a modely nelineárne 
100 1 |a Vrtíková, Kristína